Language Quiz

Random Language or Letter Quiz

Begins and Ends with 'W' Quiz Stats

 Plays Quiz Updated Dec 11, 2018

     
Support Sporcle.
Go Orange.
Score 0/13 Timer 03:00
4 Plays Today
Clue Word % Correct
A woman with a deceased husbandwidow
97.3%
An exclamation or popular MMORPGWoW
94.1%
Take money from the bankwithdraw
93.5%
The capital of PolandWarsaw
91.8%
A type of tree or a friend of Buffy Summerswillow
91.2%
President Wilson's middle nameWoodrow
84.7%
Roll around lazily, like pigs in mudwallow
83.1%
During the defenestration of Prague, people were tossed out thiswindow
68.1%
A vehicle for yardwork that must get lifted and pushedwheelbarrow
67.6%
An interjection of amazement, discomfort or reliefwhew
48%
The last name of the family on 'Family Matters'Winslow
41.3%
Separate out the wheat from the chaff; to narrow down a field of candidateswinnow
33.7%
A comprehensive conception of all around you from a specific standpoint; Weltanschauungworldview
30.1%

From the Vault

The Last Word: Book Titles VI

by Flick

For the last word on all your favorite literary titles, just check the book cover.
Remove Ads.
Support Sporcle.
Get the best of Sporcle when you Go Orange. This ad-free experience offers more features, more stats, and more fun while also helping to support Sporcle. Thank you for becoming a member.

Show Comments

Extras

Top Quizzes Today


Score Distribution

Your Account Isn't Verified!

In order to create a playlist on Sporcle, you need to verify the email address you used during registration. Go to your Sporcle Settings to finish the process.

Report this User

Report this user for behavior that violates our Community Guidelines.

Details: